Mystery Song #2 - Statistics

General Stats
  • This quiz has been taken 207 times
  • The average score is 88 of 232
Answer Stats
Answer % Correct
I
100%
a
96%
you
96%
You
96%
the
88%
me
79%
When
75%
when
75%
and
72%
to
66%
your
65%
go
63%
My
62%
my
62%
In
61%
in
61%
have
48%
Why
46%
don't
40%
heart
35%
up
30%
think
25%
Here
24%
Oh
22%
away
19%
leave
18%
eyes
17%
put
16%
Cry
15%
cry
15%
into
14%
die
13%
Wake
12%
little
10%
wanted
10%
hands
8%
trust
6%
Trust
6%
another
5%
Grab
5%
keys
5%
thoughts
5%
angels
4%
deserve
4%
Father
4%
father
4%
makeup
4%
righteous
4%
Self
4%
self
4%
suicide
4%
table
4%
upon
4%
brush
3%
fade
3%
forsaken
3%
Hide
3%
spirit
3%
commend
2%
create
2%
fable
2%
scars
2%
shake-up
2%
Why'd
2%
create
1%
No matching quizzes found
Score Distribution
Percent of People with Each Score
Percentile by Number Answered
Your Score History
You have not taken this quiz